000 00520nam a22001577a 4500
999 _c60533
_d60533
005 20230814170031.0
008 230814s1981 pl ||||| |||| 00| 0 Pau d
041 _aPau
080 _a902/904 P-60
100 _aPichlerová, Magda
_919674
245 _aGerulata-Rusovce :
_brímske pohrebisko II /
_cPichlerová, Magda.
264 _aBratislava,
_c1981.
300 _a428 p.:
_bill.;
_c24 cm.
653 _aგერულატა-რუსოვცე: რომაული სამარხი
942 _2udc
_cBK